Out of the ordinary : (Record no. 6260)

MARC details
000 -LEADER
fixed length control field 01028cam a2200193 a 4500
020 ## - INTERNATIONAL STANDARD BOOK NUMBER
ISBN 0155060333
022 ## - INTERNATIONAL STANDARD SERIAL NUMBER
ISSN 9780155060333
050 00 - CALL NUMBER
Classification number LB2395
Item number .3.Z9
100 1# - AUTHOR
Personal name Zukowski/Faust, Jean.
245 10 - TITLE
Title Out of the ordinary :
Remainder of title refining academic reading skills /
Statement of responsibility, etc Jean Zukowski/Faust.
260 ## - PUBLICATION INFORMATION
Place of publication Boston, Mass. :
Name of publisher Heinle & Heinle,
Year of publication 2002.
300 ## - DESCRIPTION
Number of Pages ix, 238 p. :
Other physical details ill. ;
Dimensions 24 cm.
500 ## - NOTES
General note Includes index.
505 ## - FORMATTED CONTENTS NOTE
Table of Content Christine's Hogan and breakfast --<br/>The stairs in the chapel --<br/>Modern cattle rustlers --<br/>As you smell it --Sky stone --<br/>The lost are found --<br/>Skippy --<br/>Fight fire with fire --<br/>Another one exactly like the first --<br/>Two years in a tree --<br/>Let the boys sing --<br/>Waystation --<br/>Water logs --<br/>Whopper --<br/>Hummers --<br/>Where did Drake stop? --<br/>Junkyard engineer --<br/>The soap sisters --<br/>Learning to speak Klallam --<br/>A day on a tall ship.
650 #0 - SUBJECTS
Topical Term English language
General subdivision Textbooks for foreign speakers.
650 #0 - SUBJECTS
Topical Term Reading (Higher education)
650 #0 - SUBJECTS
Topical Term College readers.
942 ## - ADDED ENTRY ELEMENTS (KOHA)
Koha item type Books
Holdings
Withdrawn status Lost status Collection code Home library Current library Shelving location Date acquired Full call number Accession Number Koha item type
    Reference Methodist University Library Main Methodist University Library Main General Stacks 17/06/2013 LB2395 .3.Z9 38182 Books
Copyright © 2026  MUG Library